000 00431nam a2200193Ia 4500
008 240510s9999 xx 000 0 und d
020 _a0000596003021
041 _aEng
082 _a005.117
082 _bT31
100 _aTHAI T. & LAM H.Q.
245 0 _a.NET FRAME WORK ESSENTIALS
260 _bTOKYO : OREILLY
260 _c2002
300 _a307 p.
650 _a.NET : PROGRAMMING
942 _2ddc
942 _cRBK
999 _c25706
_d25706
945 _a1
_bMadushi Gamage
_c1
_dMadushi Gamage